00587nam a2200193 a 4500008004100000020001500041050001900056100001600075245008500091260002600176300001400202350000900216650003500225650001400260650003400274650003300308650003200341700002000373070508s2005 ||||||||||||||||| || u a2869781644 aHC 930.P67 Pot aTaylor, Ian14aThe potentiality of developmental states in Africa: Botswana and Uganda compared aDakarbCODESRIAc2005 axi, 175p. a0.00 aECONOMIC FORECASTING--BOTSWANA 0aECONOMICS aBOTSWANA--ECONOMIC CONDITIONS aECONOMIC FORECASTING--UGANDA aUGANDA--ECONOMIC CONDITIONS aMbabazi, Pamela